000 00404nam a22001577a 4500
005 20251210143135.0
008 251210b |||||||| |||| 00| 0 eng d
037 _cTB
040 _aAL
_cAL
041 _2ENG
_aENG
100 _aRichardson, Henry Hamdel
_9855750
245 _aGetting wisdom
260 _c1993.
942 _2CC
_cTB
_n0
999 _c1466142
_d1466142